MARC

LEADER 00000nam1a2200000 4500
001 97360
005 20231031110908.0
010 |a 5283005321 
020 |a RU  |b 89-84118 
035 |a (RuTPU)RU\TPU\book\104370 
090 |a 97360 
100 |a 20060526d1989 km y0rusy5003 ca 
101 0 |a rus 
200 1 |a Форсированные электромагнитные системы  |f Б. В. Клименко 
210 |a Москва  |c Энергоатомиздат  |d 1989 
215 |a 157,[2] с.  |c ил. 
320 |a Библиогр.: с. 155-158 (80 назв.) 
610 1 |a электрические аппараты и приборы 
610 1 |a электромагнитные элементы 
610 1 |a электромашинные системы 
610 1 |a форсированные системы 
610 1 |a проектирование 
610 1 |a расчеты 
675 |a 621.318.3  |z rus 
686 |a 45.31  |2 rugasnti 
700 1 |a Клименко  |b Б. В.  |g Борис Владимирович  |4 070 
801 0 |a RU  |b RuMRKP  |c 19950417  |g psbo 
801 1 |a RU  |b 63413507  |c 20060526  |g PSBO 
801 2 |a RU  |b 63413507  |c 20070302  |g PSBO 
942 |c BK